<?xml version="1.0" encoding="UTF-8"?>
<collection xmlns="http://www.loc.gov/MARC21/slim">
 <record>
  <leader>01454ntm a22003015a 4500</leader>
  <controlfield tag="001">EUN.eunm005722</controlfield>
  <controlfield tag="008">150210s2014####ag#######bm###000#0#spa#d</controlfield>
  <controlfield tag="005">20201103170352.0</controlfield>
  <datafield tag="245" ind1="1" ind2="0">
   <subfield code="a">Estudio de la interacción lípido-proteína sobre la función y la organización del receptor de acetilcolina nicotínico en membranas y en sistemas modelos simples /</subfield>
   <subfield code="c">Vanesa Liliana Perillo.</subfield>
  </datafield>
  <datafield tag="260" ind1=" " ind2=" ">
   <subfield code="c">2014.</subfield>
  </datafield>
  <datafield tag="300" ind1=" " ind2=" ">
   <subfield code="a">xiii, 160 h. :</subfield>
   <subfield code="b">il. col. ;</subfield>
   <subfield code="c">30 cm.</subfield>
  </datafield>
  <datafield tag="500" ind1=" " ind2=" ">
   <subfield code="a">&quot;Tesis de Doctor en Bioquímica&quot;.</subfield>
  </datafield>
  <datafield tag="500" ind1=" " ind2=" ">
   <subfield code="a">Directores de tesis: Silvia S. Antollini y Francisco J. Barrantes.</subfield>
  </datafield>
  <datafield tag="502" ind1=" " ind2=" ">
   <subfield code="a">Tesis (doctor)--Universidad Nacional del Sur. Departamento de Biología, Bioquímica y Farmacia, 2014.</subfield>
  </datafield>
  <datafield tag="530" ind1=" " ind2=" ">
   <subfield code="a">Disponible también resumen, abstract y bibliografía en formato digital.</subfield>
  </datafield>
  <datafield tag="504" ind1=" " ind2=" ">
   <subfield code="a">Incluye referencias bibliográficas.</subfield>
  </datafield>
  <datafield tag="100" ind1="1" ind2=" ">
   <subfield code="a">Perillo, Vanesa Liliana.</subfield>
   <subfield code="4">dis</subfield>
  </datafield>
  <datafield tag="700" ind1="1" ind2=" ">
   <subfield code="a">Antollini, Silvia Susana.</subfield>
   <subfield code="4">ths</subfield>
  </datafield>
  <datafield tag="700" ind1="1" ind2=" ">
   <subfield code="a">Barrantes, Francisco J.,</subfield>
   <subfield code="d">1944-</subfield>
   <subfield code="4">ths</subfield>
  </datafield>
  <datafield tag="710" ind1="2" ind2=" ">
   <subfield code="a">Universidad Nacional del Sur.</subfield>
   <subfield code="b">Departamento de Biología, Bioquímica y Farmacia</subfield>
   <subfield code="4">dgg.</subfield>
  </datafield>
  <datafield tag="082" ind1="0" ind2="4">
   <subfield code="a">040</subfield>
   <subfield code="2">15</subfield>
  </datafield>
  <datafield tag="082" ind1="0" ind2="4">
   <subfield code="a">612.814</subfield>
   <subfield code="2">21</subfield>
  </datafield>
  <datafield tag="082" ind1="0" ind2="4">
   <subfield code="a">574.19245</subfield>
   <subfield code="2">19</subfield>
  </datafield>
  <datafield tag="650" ind1=" " ind2="7">
   <subfield code="a">Bioquímica.</subfield>
   <subfield code="2">unbist</subfield>
  </datafield>
  <datafield tag="653" ind1=" " ind2=" ">
   <subfield code="a">Receptor de acetilcolina nicotínico</subfield>
  </datafield>
  <datafield tag="653" ind1=" " ind2=" ">
   <subfield code="a">Interacción lípido-proteína</subfield>
  </datafield>
  <datafield tag="856" ind1="4" ind2="1">
   <subfield code="3">Texto parcial</subfield>
   <subfield code="u">http://repositoriodigital.uns.edu.ar/handle/123456789/542</subfield>
  </datafield>
  <datafield tag="859" ind1=" " ind2=" ">
   <subfield code="a">AR-BaUNS</subfield>
   <subfield code="b">BIB. CENTRAL - Tesis</subfield>
   <subfield code="h">040</subfield>
   <subfield code="i">B148 2014-1341pe</subfield>
   <subfield code="k">R</subfield>
   <subfield code="p">124857/015</subfield>
  </datafield>
 </record>
</collection>
